000 00542nam a2200205Ia 4500
003 LK-CoDNM
005 20241217132415.0
008 121203t1961 xxu||||| |||| 00| 0 sin d
040 _aLK-CoDNM
_dLK-CoDNM
_eLK-CoDNM
041 _asin
080 _a8S-1 15/16
_bMUK
100 _aKumarathunaga Munidasa
245 _aසුභාෂිතය
246 _aSubhashithaya
260 _bM.D.Gunasena Samagama
_aColombo 11
_c1961
300 _b42p. ; 21 cm
650 _a1961
650 _aපුරාතන පද්‍ය
942 _cBK
999 _c77012
_d77012